| 000 | 00898pam a2200289 a 4500 | ||
|---|---|---|---|
| 999 |
_c2972 _d2972 |
||
| 001 | 4260789 | ||
| 003 | GZU | ||
| 005 | 20201111154311.0 | ||
| 008 | 841217s1985 nyu b 001 0 eng | ||
| 010 | _a 84026523 | ||
| 020 |
_a0080323707 : _c$27.50 (est.) |
||
| 020 |
_a0080323693 (pbk.) : _c$10.95 (est.) |
||
| 040 |
_aDLC _cDLC _dDLC |
||
| 050 | 0 | 0 |
_aJX1965 _b.B76 1985 |
| 082 | 0 | 0 |
_a327.1/72/088042 _219 |
| 100 | 2 |
_aBrock-Utne, Birgit, _d1938- |
|
| 245 | 1 | 0 |
_aEducating for peace : _ba feminist perspective / _cBirgit Brock-Utne. |
| 260 |
_aNew York : _bPergamon Press, _cc1985. |
||
| 300 |
_axiv, 175 p. ; _c23 cm. |
||
| 440 | 4 | _aThe Athene series | |
| 500 | _aIncludes index. | ||
| 504 | _aBibliography: p. 151-164. | ||
| 650 | 0 | _aWomen and peace. | |
| 650 | 0 |
_aPeace _xStudy and teaching. |
|
| 906 |
_a7 _bcbc _corignew _d1 _eocip _f19 _gy-gencatlg |
||
| 942 |
_2lcc _cBK _h1965 _iBIR _kJX _m1985 |
||